000
00314nam a2200145Ia 4500
100
_a
Bhanumurthy/ T.S.
942
_c
BK
654
_a
Mathematics
245
_a
Ancient Indian Mathematics
260
_b
Wiley eastern
_a
New Delhi
_c
1992
082
_a
510
_b
PAN
300
_a
223
546
_a
ENGLISH
999
_c
26687
_d
26687